000 00762nam a2200241 i 4500
001 140864
003 ES-MaACL
005 20230906200152.0
007 t|
008 070918s1993 sp ||||1| spa d
020 _a84-7672-544-2
080 _a821.134.2
100 1 _aMolina, Tirso de,
_d1579-1648
_9226522
245 1 3 _aEl condenado por desconfiado /
_cTirso de Molina ; edición y notas Xabier Manrique de Vedia.
260 _aBarcelona :
_bEdicomunicaciones,
_c[1993]
300 _a125 p. ;
_c18 cm.
490 1 _aCultura ;
_v41
500 _aBiblioteca Jacinto Martínez Lacalle.
700 1 _aManrique de Vedia, Xabier.
_976105
830 0 _aCultura ;
_v41
_9187187
852 _aES-MaACL
_jE-12152
_bR.140063
999 _c140864
_d140864